AFL Trivia - Statistics

General Stats
  • This quiz has been taken 106 times
  • The average score is 9 of 15
Answer Stats
Question Answer % Correct
Who won the 2013 AFL Grand Final? Hawthorn Hawks
94%
Who won the 2019 Brownlow medal? Nat Fyfe
87%
How many teams play in the AFL? 18
79%
What two teams have won the most Premierships Essendon/Carlton
79%
What year did Gary Ablett Jr retire? 2020
74%
What number does Dustin Martin wear? 4
74%
What year was Fremantle Dockers first Grand Final entry? 2013
64%
Who has kicked the most goals in AFL history? Tony Lockett
64%
Which AFL Team Has The Longest Premiership Drought? Melbourne Demons
61%
Who is the most hated team in the AFL? Collingwood Magpies
60%
What number did Matthew Pavlich wear? 29
52%
Who is the youngest team in the AFL? Greater Western Sydney
49%
When was the Melbourne Demons last Premiership? 1967
40%
When was the AFL established? 1896
25%
Who won the first ever Grand Final in the AFL/VFL? Fitzroy
25%
No matching quizzes found
Score Distribution
Percent of People with Each Score
Percentile by Number Answered
Your Score History
You have not taken this quiz